书目信息 |
| 题名: |
新媒体时代高校学术期刊媒介融合问题研究
|
|
| 作者: | 孟耀 著 | |
| 分册: | ||
| 出版信息: | 北京 光明日报出版社 2020.01 |
|
| 页数: | 242页 | |
| 开本: | 24cm | |
| 丛书名: | 光明社科文科 | |
| 单 册: | ||
| 中图分类: | G237.5 | |
| 科图分类: | ||
| 主题词: | 高等学校--gao deng xue jiao--学术期刊--出版工作--研究 | |
| 电子资源: | ||
| ISBN: | 978-7-5194-5521-7 | |
| 000 | 01586nam 2200277 450 | |
| 001 | 0109110050 | |
| 005 | 20201109110333.0 | |
| 010 | @a978-7-5194-5521-7@b精装@dCNY85.00 | |
| 100 | @a20200408d2020 em y0chiy50 ea | |
| 101 | 0 | @achi |
| 102 | @aCN@b110000 | |
| 105 | @ay az 000yy | |
| 106 | @ar | |
| 200 | 1 | @a新媒体时代高校学术期刊媒介融合问题研究@Axin mei ti shi dai gao xiao xue shu qi kan mei jie rong he wen ti yan jiu@f孟耀著 |
| 210 | @a北京@c光明日报出版社@d2020.01 | |
| 215 | @a242页@d24cm | |
| 225 | 2 | @a光明社科文科@Aguang ming she ke wen ke |
| 300 | @a本书由大连市人民政府资助出版 | |
| 320 | @a有书目(第234-240页) | |
| 330 | @a在互联网和新媒体时代,高校学术期刊不仅面临着新媒体快速发展带来的一系列严峻形势和巨大挑战,而且面临新的发展机遇。其新的发展机遇在于创新,包括出版方式创新、传播方式和途径创新、管理制度和经营体制创新,创新发展的基本途径就是通过与新媒体技术,尤其是数字技术、网络技术等高新技术的科学耦合,特别是新媒体的融合发展,即媒介融合,实现高新学术期刊出版与传播的技术改造、技术升级和产业内部结构调整。首先回顾了学术期刊媒介融合的理论研究进展。认为高校学术期刊出版数字化与媒介融合的实践与研究始于20世纪后期,经过数十年的探索,取得了很多方面的成果。其次,论文对媒介融合的理论进行了研究。再次,论文研究了学术期刊媒介融合的模式。论文总结和借鉴了国内外媒介融合发展的实践和方式,提出了我国高校学术期刊媒介融合的模式方式。 | |
| 461 | 0 | @12001 @a光明社科文科 |
| 606 | 0 | @a高等学校@Agao deng xue jiao@x学术期刊@x出版工作@x研究 |
| 690 | @aG237.5@v5 | |
| 701 | 0 | @a孟耀@Ameng yao@4著 |
| 801 | 0 | @aCN@bBJSZM@c20201103 |
| 905 | @b1265571-5@dG237.5@e118@f5 | |
| 新媒体时代高校学术期刊媒介融合问题研究/孟耀著.-北京:光明日报出版社,2020.01 |
| 242页;24cm.-(光明社科文科) |
| 本书由大连市人民政府资助出版 |
| ISBN 978-7-5194-5521-7(精装):CNY85.00 |
| 在互联网和新媒体时代,高校学术期刊不仅面临着新媒体快速发展带来的一系列严峻形势和巨大挑战,而且面临新的发展机遇。其新的发展机遇在于创新,包括出版方式创新、传播方式和途径创新、管理制度和经营体制创新,创新发展的基本途径就是通过与新媒体技术,尤其是数字技术、网络技术等高新技术的科学耦合,特别是新媒体的融合发展,即媒介融合,实现高新学术期刊出版与传播的技术改造、技术升级和产业内部结构调整。首先回顾了学术期刊媒介融合的理论研究进展。认为高校学术期刊出版数字化与媒介融合的实践与研究始于20世纪后期,经过数十年的探索,取得了很多方面的成果。其次,论文对媒介融合的理论进行了研究。再次,论文研究了学术期刊媒介融合的模式。论文总结和借鉴了国内外媒介融合发展的实践和方式,提出了我国高校学术期刊媒介融合的模式方式。 |
| ● |
| 相关链接 |
|
|
|
|
正题名:新媒体时代高校学术期刊媒介融合问题研究
索取号:G237.5/118
 
预约/预借
| 序号 | 登录号 | 条形码 | 馆藏地/架位号 | 状态 | 备注 |
| 1 | 1265571 | 212655713 | 第一样本阅览室/ [索取号:G237.5/118] | 在馆 | |
| 2 | 1265572 | 212655722 | 教育系资料室/ [索取号:G237.5/118] | 在馆 | |
| 3 | 1265573 | 212655731 | 教育系资料室/ [索取号:G237.5/118] | 在馆 | |
| 4 | 1265574 | 212655740 | 第四借阅区/ [索取号:G237.5/118] | 在馆 | |
| 5 | 1265575 | 212655759 | 第四借阅区/ [索取号:G237.5/118] | 在馆 |